Policing issues : (Record no. 5727)

MARC details
000 -LEADER
fixed length control field 01640cam a2200193 a 4500
020 ## - INTERNATIONAL STANDARD BOOK NUMBER
ISBN 9780763771386 (pbk.)
020 ## - INTERNATIONAL STANDARD BOOK NUMBER
ISBN 0763771384 (pbk.)
050 00 - CALL NUMBER
Classification number HV7921
Item number .R67
100 1# - AUTHOR
Personal name Ross, Jeffrey Ian.
245 10 - TITLE
Title Policing issues :
Remainder of title challenges and controversies /
Statement of responsibility, etc Jeffrey Ian Ross.
260 ## - PUBLICATION INFORMATION
Place of publication Sudbury, MA :
Name of publisher Jones & Bartlett Learning,
Year of publication c2012.
300 ## - DESCRIPTION
Number of Pages xxii, 334 p. ;
Dimensions 23 cm.
500 ## - NOTES
General note Includes index.
505 ## - FORMATTED CONTENTS NOTE
Table of Content pt. I: Introduction to policing --<br/>1. Introduction to policing --<br/>2. The history of municipal policing in the United States --<br/>3. The mythology of municipal policing. pt. II: Problems for citizens and the community --<br/>4. Emphasizing public relations over crime reduction --<br/>5. Failure to properly investigate crime: problems with the detective function --<br/>6. Improper discretion --<br/>7. Inability to significantly reduce crime: problems with patrol and domestic violence arrests --<br/>8. Poor police-community relations --<br/>9. Deviance and corruption --<br/>10. Police violence / excessive force--<br/>pt. III: Problems for police officers and administrators --<br/>11. Failure to adopt and / or properly use new technology --<br/>12. Inability to properly manage, supervise, and lead police organizations --<br/>13. Cooperation / collaboration with other police departments and criminal justice agencies --<br/>14. Underfunding --<br/>15. Inadequate wages and compensation --<br/>16. Ineffective / insufficient recruitment, education, and training -<br/>17. Working conditions --<br/>18. The future of municipal policing.
650 #0 - SUBJECTS
Topical Term Police.
650 #0 - SUBJECTS
Topical Term Police misconduct.
650 #0 - SUBJECTS
Topical Term Police administration.
942 ## - ADDED ENTRY ELEMENTS (KOHA)
Koha item type Books
Holdings
Withdrawn status Lost status Collection code Home library Current library Shelving location Date acquired Full call number Accession Number Koha item type
    Reference Methodist University Library Main Methodist University Library Main General Stacks   HV7921 .R71 39857 Books
Copyright © 2026  MUG Library